| 000 | 00421nam a2200133Ia 4500 | ||
|---|---|---|---|
| 008 | 231129s2010||||xx |||||||||||||| ||spa|| | ||
| 020 | _a978-958-446-856-7 | ||
| 082 | _a658.404 R145e | ||
| 100 | _aRamírez Díaz Jose Augusto | ||
| 245 | 0 | _aEvaluación Financiera de Proyectos con aplicación en Excel | |
| 260 | _c2010 | ||
| 264 | _aBogotá: Ediciones de la U. | ||
| 942 |
_2ddc _cBKS |
||
| 999 |
_c13743 _d13743 |
||